[Event "Titled Tuesday intern op 26th Sep Early"]
[Site "Chess.com INT"]
[Date "2023.09.26"]
[Round "4"]
[White "Ilic, Nicholas"]
[Black "Garcia Correa, Jose Ricardo"]
[Result "1-0"]
[WhiteElo "2099"]
[BlackElo "2103"]
[PlyCount "71"]
[EventDate "2023.09.26"]
[EventType "swiss (blitz)"]
[EventRounds "11"]
[EventCountry "USA"]
[SourceTitle "EXT 2024"]
[Source "ChessBase"]
[SourceDate "2023.10.10"]
[SourceVersion "1"]
[SourceVersionDate "2023.10.10"]
[SourceQuality "1"]

1. e4 e5 2. Nf3 Nc6 3. Bb5 a6 4. Ba4 Nf6 5. 0-0 Be7 6. Re1 b5 7. Bb3 0-0 8. d3 d6 9. h3 Na5 10. Bg5 Nxb3 11. axb3 Bb7 12. b4 Nd7 13. Bxe7 Qxe7 14. Nbd2 f5 15. Nf1 f4 16. c3 Rf6 17. Nh4 Raf8 18. Nh2 g6 19. d4 R6f7 20. N4f3 h5 21. h4 Nf6 22. Ng5 Kh8 23. Nxf7+ Rxf7 24. dxe5 dxe5 25. Nf3 Ng4 26. Ng5 Rf6 27. Qb3 Kg7 28. Rad1 Bc8 29. Rd2 c5 30. bxc5 Qxc5 31. Red1 a5 32. Rd7+ Bxd7 33. Rxd7+ Kf8 34. Nh7+ Ke8 35. Nxf6+ Nxf6 36. Qf7# 1-0

[Event "Titled Tuesday intern op 26th Sep Early"]
[Site "Chess.com INT"]
[Date "2023.09.26"]
[Round "10"]
[White "Ilic, Nicholas"]
[Black "Zhukov, Maksim"]
[Result "1-0"]
[WhiteElo "2099"]
[BlackElo "1835"]
[PlyCount "71"]
[EventDate "2023.09.26"]
[EventType "swiss (blitz)"]
[EventRounds "11"]
[EventCountry "USA"]
[SourceTitle "EXT 2024"]
[Source "ChessBase"]
[SourceDate "2023.10.10"]
[SourceVersion "1"]
[SourceVersionDate "2023.10.10"]
[SourceQuality "1"]

1. e4 c5 2. Nf3 d6 3. d4 cxd4 4. Nxd4 Nf6 5. Bd3 a6 6. 0-0 b5 7. a4 b4 8. Bg5 Bb7 9. Nd2 e5 10. Nf5 g6 11. Nh6 Be7 12. Qf3 Nc6 13. Bc4 Nd4 14. Qh3 d5 15. exd5 Bxd5 16. Bxd5 Nxd5 17. Bxe7 Qxe7 18. Ne4 Nf4 19. Qe3 Nf5 20. Qb6 Kf8 21. Nxf5 gxf5 22. Qh6+ Ke8 23. Nf6+ Kd8 24. Rad1+ Kc8 25. Nd5 Nxd5 26. Rxd5 f6 27. Rfd1 Rg8 28. Qh4 Qc7 29. Qxb4 Rb8 30. Qa3 Rb6 31. a5 Rc6 32. Qb3 Qg7 33. g3 f4 34. Rd7 Qxd7 35. Rxd7 fxg3 36. Qb7# 1-0

[Event "Titled Tuesday intern op 26th Sep Early"]
[Site "Chess.com INT"]
[Date "2023.09.26"]
[Round "5"]
[White "Pironti, Francisco Ferrari"]
[Black "Ilic, Nicholas"]
[Result "1/2-1/2"]
[WhiteElo "1947"]
[BlackElo "2099"]
[PlyCount "142"]
[EventDate "2023.09.26"]
[EventType "swiss (blitz)"]
[EventRounds "11"]
[EventCountry "USA"]
[SourceTitle "EXT 2024"]
[Source "ChessBase"]
[SourceDate "2023.10.10"]
[SourceVersion "1"]
[SourceVersionDate "2023.10.10"]
[SourceQuality "1"]

1. e4 c5 2. Nf3 Nc6 3. b4 Nxb4 4. c3 Nc6 5. d4 cxd4 6. cxd4 d5 7. exd5 Qxd5 8. Nc3 Qa5 9. Bd2 e6 10. Bc4 Bb4 11. Qb3 Nf6 12. a3 0-0 13. 0-0 Bxc3 14. Bxc3 Qh5 15. h3 Nd5 16. Bd2 Rb8 17. Rfe1 Bd7 18. Ne5 Nxe5 19. Rxe5 Qh4 20. Qd3 Bc6 21. Bg5 Qh5 22. Be7 Qxe5 23. dxe5 Nxe7 24. Rd1 Ng6 25. Qd6 a6 26. Bxa6 Nf4 27. Bf1 h6 28. Qd4 Nd5 29. Rc1 Rbd8 30. Qc5 Rd7 31. Rb1 Rfd8 32. Bb5 Bxb5 33. Qxb5 Nf4 34. a4 Nd3 35. a5 Nf4 36. a6 bxa6 37. Qxa6 Nd3 38. Rb7 Nxe5 39. Rxd7 Rxd7 40. Qb5 Rd1+ 41. Kh2 Ng6 42. Qe8+ Nf8 43. Qb8 Rd5 44. Qb7 Rf5 45. Kg1 Rf6 46. f3 Rg6 47. Kf2 Rf6 48. g4 g6 49. h4 Kg7 50. Ke3 h5 51. Qb2 hxg4 52. fxg4 e5 53. g5 Re6 54. Ke4 Re7 55. Qb4 Re6 56. Qb7 Re8 57. Qc6 Re6 58. Qd5 Kg8 59. Qd2 Kg7 60. Qf2 Re7 61. Qf6+ Kg8 62. Qxe7 Ne6 63. Kxe5 Ng7 64. Kd6 Nf5+ 65. Kd7 Nxe7 66. Kxe7 Kg7 67. Ke8 f5 68. gxf6+ Kxf6 69. Kf8 Kf5 70. Kg7 Kg4 71. Kxg6 Kxh4 1/2-1/2

[Event "Titled Tuesday intern op 26th Sep Early"]
[Site "Chess.com INT"]
[Date "2023.09.26"]
[Round "1"]
[White "Soham, Kamotra"]
[Black "Ilic, Nicholas"]
[Result "1-0"]
[WhiteElo "2388"]
[BlackElo "2099"]
[PlyCount "95"]
[EventDate "2023.09.26"]
[EventType "swiss (blitz)"]
[EventRounds "11"]
[EventCountry "USA"]
[SourceTitle "EXT 2024"]
[Source "ChessBase"]
[SourceDate "2023.10.10"]
[SourceVersion "1"]
[SourceVersionDate "2023.10.10"]
[SourceQuality "1"]

1. d4 Nf6 2. g3 e6 3. Bg2 d5 4. Nf3 h6 5. 0-0 Bd6 6. c4 dxc4 7. Nbd2 c6 8. Nxc4 Bc7 9. Bf4 Bxf4 10. gxf4 0-0 11. e3 Re8 12. h3 Nbd7 13. Nfe5 Nd5 14. Nd6 Re7 15. Kh2 Nf8 16. Ne4 f6 17. Nd3 Qc7 18. Kh1 e5 19. fxe5 fxe5 20. Nxe5 Bf5 21. Ng3 Bh7 22. Rc1 Qd6 23. Qb3 Rd8 24. e4 Kh8 25. exd5 cxd5 26. Rfe1 Ne6 27. Ne2 Ng5 28. Nf4 Ne4 29. Qe3 Rf8 30. Re2 Qf6 31. Nxd5 Nxf2+ 32. Rxf2 Qxf2 33. Qxf2 Rxf2 34. Nxe7 Bc2 35. N7g6+ Kh7 36. Kg1 Rd2 37. Nf4 Bf5 38. d5 Rxb2 39. Rd1 Rxa2 40. d6 b6 41. Nd5 Bd7 42. Nxd7 Ra3 43. Ne7 b5 44. Rf1 b4 45. Be4+ g6 46. Bxg6+ Kg7 47. Rf7+ Kh8 48. Rh7# 1-0

[Event "Box Hill op"]
[Site "Box Hill"]
[Date "2019.11.08"]
[Round "3"]
[White "Ilic, Nicholas"]
[Black "Kannan, Archit"]
[Result "1-0"]
[WhiteElo "1940"]
[BlackElo "1291"]
[PlyCount "59"]
[EventDate "2019.10.18"]
[EventType "swiss"]
[EventRounds "9"]
[EventCountry "AUS"]
[SourceTitle "EXT 2021"]
[Source "ChessBase"]
[SourceDate "2020.10.23"]
[SourceVersion "1"]
[SourceVersionDate "2020.10.23"]
[SourceQuality "1"]

1. e4 e6 2. d4 d5 3. Nd2 Nf6 4. e5 Nfd7 5. Bd3 c5 6. c3 Nc6 7. Ne2 a6 8. 0-0 cxd4 9. cxd4 f6 10. Nf4 Qe7 11. Qh5+ Qf7 12. Bg6 hxg6 13. Qxh8 fxe5 14. Ne2 exd4 15. Nf3 e5 16. Re1 Nc5 17. Nexd4 Nxd4 18. Nxe5 Qf5 19. Be3 Nc2 20. Bxc5 Nxe1 21. Rxe1 Be6 22. Nxg6 0-0-0 23. Nxf8 b6 24. Qxg7 bxc5 25. Nxe6 Rd7 26. Qg8+ Kb7 27. Nxc5+ Kc6 28. Qc8+ Rc7 29. Qxf5 Kxc5 30. Rc1+ 1-0

[Event "Begonia op 51st"]
[Site "Ballarat"]
[Date "2017.03.11"]
[Round "1"]
[White "Ilic, Nicholas"]
[Black "Johansen, Darryl Keith"]
[Result "0-1"]
[WhiteElo "1713"]
[BlackElo "2375"]
[PlyCount "42"]
[EventDate "2017.03.11"]
[EventType "swiss"]
[EventRounds "7"]
[EventCountry "AUS"]
[SourceTitle "CBM 177 Extra"]
[Source "ChessBase"]
[SourceDate "2017.04.27"]
[SourceVersion "1"]
[SourceVersionDate "2017.04.27"]
[SourceQuality "1"]

1. e4 c5 2. b3 e6 3. Bb2 d6 4. Bb5+ Nd7 5. Ne2 Ngf6 6. d3 Be7 7. 0-0 0-0 8. Bxd7 Bxd7 9. Ng3 Bc6 10. Nd2 b5 11. Qe2 a5 12. f4 a4 13. Rab1 axb3 14. axb3 Ra2 15. Nf3 Qd7 16. c3 Qb7 17. Ra1 Rfa8 18. Rxa2 Rxa2 19. Ra1 Rxa1+ 20. Bxa1 c4 21. Nd2 Qa7+ 0-1